000
00245nam a22001097a 4500
082
_a
005.133-C GOT
100
_a
GOTTFRIED,BYBON S
_9
66167
245
_a
PROGRAMMING WITH C
260
_a
SINGAPORE
_b
SCHAUM'S
_c
1990
300
_a
531P
942
_c
BK
999
_c
574176
_d
574176